[Event "59th Hoogovens it"]
[Site "Wijk aan Zee NED"]
[Date "1997.01.18"]
[Round "1"]
[White "Piket, Jeroen"]
[Black "Salov, Valery"]
[Result "1-0"]
[WhiteElo "2640"]
[BlackElo "2665"]
[EventDate "1997.01.18"]
[PlyCount "81"]

1. d4 Nf6 2. c4 e6 3. Nf3 b6 4. a3 Ba6 5. Qc2 Bb7 6. Nc3 c5 7. e4 cxd4 8. Nxd4 Bc5 9. Nb3 Nc6 10. Bf4 O-O 11. Nxc5 bxc5 12. Bd6 Nd4 13. Qd3 e5 14. Bxc5 Re8 15. Bxd4 exd4 16. Qxd4 Nxe4 17. O-O-O Nxc3 18. Qxc3 Rc8 19. Kb1 a5 20. f3 Bc6 21. Bd3 Qg5 22. h4 Qc5 23. Rhe1 a4 24. Rxe8+ Rxe8 25. Re1 Rxe1+ 26. Qxe1 g6 27. Qe2 Qd4 28. Be4 Bxe4+ 29. fxe4 Kg7 30. Qc2 Kf6 31. Ka2 h5 32. Qxa4 Qxe4 33. g3 g5 34. Qa6+ Ke7 35. hxg5 Qe5 36. Qf6+ Qxf6 37. gxf6+ Kxf6 38. Kb3 Ke5 39. Kc3 f5 40. a4 f4 41. gxf4+ 1-0

[Event "59th Hoogovens it"]
[Site "Wijk aan Zee NED"]
[Date "1997.01.18"]
[Round "1"]
[White "Short, Nigel David"]
[Black "Onischuk, Alexander"]
[Result "0-1"]
[WhiteElo "2690"]
[BlackElo "2580"]
[EventDate "1997.01.18"]
[PlyCount "72"]

1. e4 e5 2. Nf3 Nc6 3. Bb5 a6 4. Ba4 Nf6 5. O-O Bc5 6. Nxe5 Nxe5 7. d4 b5 8. dxe5 Nxe4 9. Bb3 Bb7 10. Nc3 Qh4 11. Bxf7+ Ke7 12. Be3 Bxe3 13. fxe3 Nxc3 14. bxc3 Qe4 15. Rf2 Raf8 16. Qh5 Qxe3 17. Rd1 Bc6 18. e6 d6 19. Qh4+ g5 20. Qh6 Qe5 21. Rd3 Be4 22. Re3 d5 23. g4 Rhg8 24. Rf5 Qg7 25. Qh3 Bxf5 26. gxf5 Rh8 27. Qg3 Rc8 28. Re5 Rhd8 29. f6+ Qxf6 30. Rxg5 Qh6 31. Bh5 Rf8 32. Rg7+ Kf6 33. Rf7+ Rxf7 34. Qf2+ Kxe6 35. Qxf7+ Kd6 36. Bg4 Rd8 0-1

[Event "59th Hoogovens it"]
[Site "Wijk aan Zee NED"]
[Date "1997.01.18"]
[Round "1"]
[White "Sokolov, Ivan"]
[Black "Illescas Cordoba, Miguel"]
[Result "1-0"]
[WhiteElo "2615"]
[BlackElo "2635"]
[EventDate "1997.01.18"]
[PlyCount "83"]

1. d4 f5 2. Nc3 Nf6 3. Bg5 d5 4. f3 Nc6 5. Qd2 g6 6. O-O-O Bg7 7. Bh6 O-O 8. Nh3 a6 9. Bxg7 Kxg7 10. Nf4 Qd6 11. e3 Be6 12. h4 Bf7 13. h5 g5 14. h6+ Kh8 15. Nh3 g4 16. Ng5 Bg6 17. Ne2 e5 18. dxe5 Qxe5 19. Nf4 Rae8 20. Bd3 Qxe3 21. Qxe3 Rxe3 22. Nfe6 Re8 23. fxg4 Nxg4 24. Nxc7 R8e5 25. Nf3 Nf2 26. Nxe5 Rxe5 27. Rhe1 Nxd1 28. Kxd1 Rxe1+ 29. Kxe1 Ne7 30. Kf2 Ng8 31. Nxd5 Nxh6 32. Kg3 Bf7 33. Ne3 Bxa2 34. b3 Ng4 35. Nd5 Ne5 36. Bxf5 Nc6 37. Nc3 Nb4 38. Kf4 Kg7 39. Ke3 h6 40. Kd2 Kf6 41. Bc8 b5 42. Kc1 1-0

[Event "59th Hoogovens it"]
[Site "Wijk aan Zee NED"]
[Date "1997.01.19"]
[Round "2"]
[White "Illescas Cordoba, Miguel"]
[Black "Kortschnoj, Viktor"]
[Result "1/2-1/2"]
[WhiteElo "2635"]
[BlackElo "2635"]
[EventDate "1997.01.18"]
[PlyCount "39"]

1. e4 e5 2. Nf3 Nc6 3. d4 exd4 4. Nxd4 Bc5 5. Nxc6 Qf6 6. Qd2 Qxc6 7. Nc3 Nf6 8. Bd3 O-O 9. O-O Re8 10. Qd1 b6 11. Bf4 Bb7 12. Bb5 Qe6 13. e5 Nd5 14. Nxd5 Bxd5 15. Bg3 Bc6 16. Qd3 Bxb5 17. Qxb5 d5 18. exd6 Bxd6 19. Bxd6 Qxd6 20. Rad1 1/2-1/2

[Event "59th Hoogovens it"]
[Site "Wijk aan Zee NED"]
[Date "1997.01.19"]
[Round "2"]
[White "Lautier, Joel"]
[Black "Glek, Igor"]
[Result "1-0"]
[WhiteElo "2630"]
[BlackElo "2620"]
[EventDate "1997.01.18"]
[PlyCount "75"]

1. d4 Nf6 2. c4 g6 3. Nc3 Bg7 4. e4 d6 5. f3 e5 6. Nge2 O-O 7. Bg5 exd4 8. Nxd4 Nc6 9. Nc2 h6 10. Be3 Nh5 11. g4 Nf6 12. Qd2 Ne5 13. Be2 Be6 14. O-O-O h5 15. gxh5 Nxh5 16. f4 Nxc4 17. Bxc4 Bxc4 18. f5 c5 19. Rhg1 b5 20. fxg6 f5 21. Bg5 Qa5 22. Ne3 Bxa2 23. Nxf5 Rxf5 24. exf5 Bb3 25. Qd3 d5 26. Rd2 Bxc3 27. bxc3 Qa1+ 28. Qb1 Qxc3+ 29. Rc2 Bxc2 30. Qxc2 Qa1+ 31. Qb1 Qc3+ 32. Qc2 Qa1+ 33. Qb1 Qd4 34. Rd1 Qg4 35. Be3 Re8 36. Qd3 d4 37. Bh6 Nf4 38. Qxb5 1-0

[Event "59th Hoogovens it"]
[Site "Wijk aan Zee NED"]
[Date "1997.01.19"]
[Round "2"]
[White "Onischuk, Alexander"]
[Black "Sokolov, Ivan"]
[Result "1/2-1/2"]
[WhiteElo "2580"]
[BlackElo "2615"]
[EventDate "1997.01.18"]
[PlyCount "124"]

1. e4 e5 2. Nf3 Nc6 3. Bb5 a6 4. Ba4 Nf6 5. O-O Nxe4 6. d4 b5 7. Bb3 d5 8. dxe5 Be6 9. Nbd2 Nc5 10. c3 d4 11. Ng5 Bd5 12. Bxd5 Qxd5 13. Nb3 Nxb3 14. axb3 Be7 15. Nf3 d3 16. Be3 O-O 17. Bd4 Rfd8 18. Qxd3 Qxb3 19. Qe2 Qe6 20. Rfd1 Rd5 21. h3 a5 22. Be3 Rad8 23. Rxd5 Qxd5 24. Bf4 Qd3 25. Qxd3 Rxd3 26. Kf1 h6 27. Ke2 Rd5 28. h4 a4 29. e6 fxe6 30. Bxc7 Bf6 31. c4 Nd4+ 32. Nxd4 Rxd4 33. cxb5 Rb4 34. b6 Rxb2+ 35. Kf1 Rb4 36. Rxa4 Rxa4 37. b7 Rb4 38. b8=Q+ Rxb8 39. Bxb8 Bxh4 40. Ke2 Kf7 41. Ke3 Kg6 42. g3 Bf6 43. Ke4 h5 44. f4 Bc3 45. Be5 Be1 46. Kf3 Kf7 47. Bd4 g6 48. Bb2 Ke7 49. Be5 Kd7 50. Bf6 Kd6 51. Be5+ Kd5 52. Bf6 Kc4 53. g4 Kd5 54. gxh5 gxh5 55. Be7 h4 56. Kg4 Ke4 57. Bg5 h3 58. Kxh3 Kf3 59. Bf6 Bg3 60. Bg7 Bxf4 61. Bf6 e5 62. Bxe5 Bxe5 1/2-1/2

[Event "59th Hoogovens it"]
[Site "Wijk aan Zee NED"]
[Date "1997.01.19"]
[Round "2"]
[White "Yermolinsky, Alexander"]
[Black "Timman, Jan"]
[Result "1/2-1/2"]
[WhiteElo "2630"]
[BlackElo "2630"]
[EventDate "1997.01.18"]
[PlyCount "35"]

1. Nf3 Nf6 2. c4 c5 3. Nc3 Nc6 4. g3 d5 5. d4 cxd4 6. Nxd4 dxc4 7. Nxc6 Qxd1+ 8. Nxd1 bxc6 9. Bg2 Nd5 10. Ne3 e6 11. Nxc4 Ba6 12. b3 Bb4+ 13. Bd2 Ke7 14. Rc1 Rhc8 15. Bxb4+ Nxb4 16. Na5 Nxa2 17. Nxc6+ Kf6 18. Rc2 {and a draw was agreed since after 18...Bb7 the position is a complete equal} 1/2-1/2

[Event "59th Hoogovens it"]
[Site "Wijk aan Zee NED"]
[Date "1997.01.21"]
[Round "3"]
[White "Kortschnoj, Viktor"]
[Black "Onischuk, Alexander"]
[Result "1-0"]
[WhiteElo "2635"]
[BlackElo "2580"]
[EventDate "1997.01.18"]
[PlyCount "67"]

1. c4 f5 2. Nc3 Nf6 3. d4 g6 4. f3 Bg7 5. e4 fxe4 6. fxe4 d6 7. Nf3 O-O 8. Be2 c5 9. d5 Ng4 10. O-O Ne5 11. Bg5 Nbd7 12. Kh1 h6 13. Bd2 a6 14. Qc2 Rb8 15. a3 Qe8 16. b4 Nxf3 17. gxf3 b5 18. cxb5 axb5 19. f4 Qf7 20. Rg1 Bd4 21. e5 Nxe5 22. fxe5 Bf5 23. Bd3 Bxd3 24. Qxd3 Bxg1 25. Rxg1 Kh7 26. bxc5 dxc5 27. Ne4 Qf5 28. Qe3 Qh5 29. d6 Rf3 30. dxe7 Rxe3 31. Nf6+ Kh8 32. Nxh5 Rd3 33. Rxg6 Rxd2 34. Rd6 1-0

[Event "59th Hoogovens it"]
[Site "Wijk aan Zee NED"]
[Date "1997.01.21"]
[Round "3"]
[White "Short, Nigel David"]
[Black "Lautier, Joel"]
[Result "1/2-1/2"]
[WhiteElo "2690"]
[BlackElo "2630"]
[EventDate "1997.01.18"]
[PlyCount "53"]

1. e4 c5 2. Nf3 d6 3. d4 cxd4 4. Nxd4 Nf6 5. Nc3 a6 6. a4 Nc6 7. Be2 e5 8. Nb3 Be7 9. Bg5 O-O 10. O-O Be6 11. Bxf6 Bxf6 12. Nd5 Nd4 13. Nxf6+ Qxf6 14. Nxd4 exd4 15. Bd3 Rac8 16. Qe2 Rfe8 17. Rae1 Bd5 18. b3 Re6 19. Qg4 Rce8 20. Re2 h5 21. Qxh5 Bxe4 22. Rxe4 Rxe4 23. Bxe4 Rxe4 24. Qd5 Qe7 25. g3 Re2 26. Qxd4 Rxc2 27. Qd3 1/2-1/2

[Event "59th Hoogovens it"]
[Site "Wijk aan Zee NED"]
[Date "1997.01.21"]
[Round "3"]
[White "Sokolov, Ivan"]
[Black "Van Wely, Loek"]
[Result "1/2-1/2"]
[WhiteElo "2615"]
[BlackElo "2645"]
[EventDate "1997.01.18"]
[PlyCount "41"]

1. d4 Nf6 2. c4 g6 3. Nc3 Bg7 4. e4 d6 5. Nge2 a6 6. f3 c6 7. Be3 O-O 8. Qd2 b5 9. Bh6 e5 10. O-O-O Bxh6 11. Qxh6 Qa5 12. g4 b4 13. Nb1 Qxa2 14. Ng3 Nbd7 15. Nf5 gxf5 16. gxf5 Kh8 17. dxe5 dxe5 18. Rg1 Rg8 19. Rxd7 Nxd7 20. Rxg8+ Kxg8 21. Qg5+ 1/2-1/2

[Event "59th Hoogovens it"]
[Site "Wijk aan Zee NED"]
[Date "1997.01.21"]
[Round "3"]
[White "Timman, Jan"]
[Black "Salov, Valery"]
[Result "1/2-1/2"]
[WhiteElo "2630"]
[BlackElo "2665"]
[EventDate "1997.01.18"]
[PlyCount "123"]

1. e4 c5 2. Nf3 Nc6 3. d4 cxd4 4. Nxd4 e6 5. Nc3 d6 6. Be3 Nf6 7. f4 Be7 8. Qf3 O-O 9. O-O-O Qc7 10. g4 Nxd4 11. Bxd4 e5 12. fxe5 dxe5 13. Qg3 Qa5 14. Bxe5 Be6 15. Bc7 b6 16. g5 Nh5 17. Qe5 Bxg5+ 18. Kb1 Qxe5 19. Bxe5 Bf4 20. Bd4 Rad8 21. Be2 Nf6 22. Bxf6 Rxd1+ 23. Rxd1 gxf6 24. Nd5 Be5 25. Ne7+ Kg7 26. Nf5+ Bxf5 27. exf5 Bxh2 28. c3 Re8 29. Bh5 Re7 30. Rd2 Bf4 31. Rf2 Re1+ 32. Kc2 Be5 33. Rg2+ Kf8 34. Kd2 Rh1 35. Bf3 Rh3 36. Ke2 Ke7 37. Rg1 Rh2+ 38. Rg2 Rh1 39. Rg7 Rb1 40. Kd3 Rxb2 41. Bd5 Rh2 42. Rxf7+ Kd6 43. Be6 a6 44. Ra7 a5 45. Ra8 Kc6 46. Rc8+ Kb7 47. a4 h5 48. Rc4 h4 49. Bd5+ Kb8 50. Bf3 h3 51. Rh4 Kc7 52. Bg4 Rg2 53. Bxh3 Rg3+ 54. Kd2 Bxc3+ 55. Kc2 Kd6 56. Bf1 Be5 57. Bb5 Rc3+ 58. Kd2 Kd5 59. Bd3 Ra3 60. Bc4+ Kc5 61. Bb5 Ra2+ 62. Ke3 1/2-1/2

[Event "59th Hoogovens it"]
[Site "Wijk aan Zee NED"]
[Date "1997.01.22"]
[Round "4"]
[White "Nikolic, Predrag"]
[Black "Timman, Jan"]
[Result "1-0"]
[WhiteElo "2655"]
[BlackElo "2630"]
[EventDate "1997.01.18"]
[PlyCount "59"]

1. d4 d5 2. c4 c6 3. Nc3 Nf6 4. Nf3 e6 5. Bg5 dxc4 6. e4 b5 7. e5 h6 8. Bh4 g5 9. Nxg5 Nd5 10. Nxf7 Qxh4 11. Nxh8 Bb4 12. Rc1 c5 13. dxc5 Bxc3+ 14. bxc3 Qg5 15. Be2 Bb7 16. O-O Nf4 17. Bf3 Nc6 18. h4 Qxh4 19. g3 Qg5 20. Nf7 Kxf7 21. Qd7+ Ne7 22. Qxb7 Rg8 23. Rce1 h5 24. Bg2 Nxg2 25. Kxg2 h4 26. Re3 Rg7 27. Rh1 Kg6 28. Qe4+ Nf5 29. Rxh4 Kf7 30. Rf3 1-0

[Event "59th Hoogovens it"]
[Site "Wijk aan Zee NED"]
[Date "1997.01.22"]
[Round "4"]
[White "Onischuk, Alexander"]
[Black "Piket, Jeroen"]
[Result "1/2-1/2"]
[WhiteElo "2580"]
[BlackElo "2640"]
[EventDate "1997.01.18"]
[PlyCount "83"]

1. e4 e5 2. Nf3 Nc6 3. Bb5 a6 4. Ba4 Nf6 5. O-O Be7 6. Re1 b5 7. Bb3 d6 8. c3 O-O 9. h3 Nd7 10. d4 Bf6 11. a4 Bb7 12. Na3 exd4 13. cxd4 Re8 14. Bf4 Na5 15. Bc2 b4 16. Nb1 c5 17. Nbd2 Nf8 18. e5 dxe5 19. dxe5 Be7 20. Qe2 Qb6 21. Bd3 Rad8 22. Nc4 Nxc4 23. Bxc4 Qc6 24. b3 Ne6 25. Be3 h6 26. Rad1 Bg5 27. Rxd8 Rxd8 28. Bxe6 Qxe6 29. Nxg5 hxg5 30. Bxg5 Rd4 31. Be3 Qd5 32. f3 Rd3 33. Bf2 Rxb3 34. Rc1 Rc3 35. Rd1 Qc4 36. Rd8+ Kh7 37. Qd2 Qe6 38. Qg5 Qg6 39. Qh4+ Qh6 40. Qg4 Qg6 41. Qh4+ Qh6 42. Qg4 1/2-1/2

[Event "59th Hoogovens it"]
[Site "Wijk aan Zee NED"]
[Date "1997.01.22"]
[Round "4"]
[White "Salov, Valery"]
[Black "Glek, Igor"]
[Result "1-0"]
[WhiteElo "2665"]
[BlackElo "2620"]
[EventDate "1997.01.18"]
[PlyCount "89"]

1. d4 Nf6 2. Bg5 e6 3. Nf3 h6 4. Bh4 d6 5. h3 Be7 6. e3 Ne4 7. Bxe7 Qxe7 8. Nbd2 Nxd2 9. Qxd2 O-O 10. O-O-O e5 11. dxe5 dxe5 12. Qc3 Nc6 13. Bb5 Re8 14. Rd2 Nb4 15. Kb1 c6 16. a3 cxb5 17. Qxb4 Qxb4 18. axb4 f6 19. Rhd1 Be6 20. b3 Kf7 21. e4 Rac8 22. Kb2 Rc7 23. Ne1 Ke7 24. Nd3 g5 25. h4 gxh4 26. Rh1 h3 27. f4 Rg8 28. gxh3 Rd7 29. fxe5 fxe5 30. Re2 Rd4 31. Nxe5 Rxb4 32. Ra1 Rg3 33. Rxa7 Kd6 34. Nd3 Rxb3+ 35. cxb3 Rxd3 36. b4 Rb3+ 37. Kc2 Rxh3 38. Rxb7 Bb3+ 39. Kd2 Bc4 40. Re3 Rh2+ 41. Kc3 Rh1 42. e5+ Kc6 43. Ra7 Rb1 44. Ra6+ Kb7 45. Rxh6 1-0

[Event "59th Hoogovens it"]
[Site "Wijk aan Zee NED"]
[Date "1997.01.22"]
[Round "4"]
[White "Short, Nigel David"]
[Black "Sokolov, Ivan"]
[Result "1/2-1/2"]
[WhiteElo "2690"]
[BlackElo "2615"]
[EventDate "1997.01.18"]
[PlyCount "91"]

1. e4 e5 2. Nf3 Nc6 3. Bb5 a6 4. Ba4 Nf6 5. O-O Be7 6. Re1 b5 7. Bb3 O-O 8. h3 Bb7 9. d3 d6 10. a3 Qd7 11. Nc3 Rae8 12. Ba2 Bd8 13. Bd2 Ne7 14. Nh4 Kh8 15. f4 exf4 16. Bxf4 Ng6 17. Nxg6+ hxg6 18. Qd2 Nh5 19. Bh2 Bh4 20. Rf1 f5 21. Nd5 Bxd5 22. Bxd5 c6 23. Bb3 d5 24. exd5 cxd5 25. Rf3 g5 26. g3 g4 27. hxg4 fxg4 28. Rxf8+ Rxf8 29. Qg2 Bf6 30. c3 d4 31. c4 Bg5 32. cxb5 axb5 33. Rf1 Be3+ 34. Kh1 Rxf1+ 35. Qxf1 Qc6+ 36. Qg2 Qc1+ 37. Bg1 Bxg1 38. Qxg1 Qxb2 39. Bf7 Nf6 40. Qh2+ Qxh2+ 41. Kxh2 g5 42. Be6 Kg7 43. Bc8 Nd5 44. Bxg4 Kf6 45. Bd7 b4 46. axb4 1/2-1/2

[Event "59th Hoogovens it"]
[Site "Wijk aan Zee NED"]
[Date "1997.01.22"]
[Round "4"]
[White "Van Wely, Loek"]
[Black "Kortschnoj, Viktor"]
[Result "1/2-1/2"]
[WhiteElo "2645"]
[BlackElo "2635"]
[EventDate "1997.01.18"]
[PlyCount "57"]

1. d4 Nf6 2. c4 e6 3. Nf3 b6 4. a3 Bb7 5. Nc3 d5 6. Bg5 dxc4 7. e4 Be7 8. Bxf6 Bxf6 9. e5 Be7 10. Bxc4 O-O 11. O-O c5 12. d5 exd5 13. Bxd5 Bxd5 14. Nxd5 Na6 15. Qb3 Nc7 16. Rfd1 Nxd5 17. Rxd5 Qc8 18. Rad1 Qe6 19. Qd3 h6 20. Qa6 Qc8 21. Qa4 Qe6 22. Qa6 Qc8 23. Qa4 Qe6 24. Rd7 a5 25. h3 Rfd8 26. Qb5 Rxd7 27. Rxd7 Rd8 28. Rxd8+ Bxd8 29. a4 1/2-1/2

[Event "59th Hoogovens it"]
[Site "Wijk aan Zee NED"]
[Date "1997.01.23"]
[Round "5"]
[White "Kortschnoj, Viktor"]
[Black "Short, Nigel David"]
[Result "1-0"]
[WhiteElo "2635"]
[BlackElo "2690"]
[EventDate "1997.01.18"]
[PlyCount "123"]

1. d4 d5 2. c4 c6 3. Nf3 Nf6 4. Nc3 a6 5. Qb3 e6 6. Bg5 Be7 7. e3 O-O 8. Be2 dxc4 9. Bxc4 b5 10. Be2 Nbd7 11. a4 b4 12. Bxf6 Nxf6 13. Nb1 c5 14. dxc5 Bxc5 15. Nbd2 Bb7 16. Nc4 Bd5 17. O-O Ne4 18. Qc2 Rc8 19. Bd3 f5 20. Qe2 a5 21. Nce5 Bd6 22. Bc4 Bxe5 23. Nxe5 Bxc4 24. Nxc4 Qc7 25. Rac1 Rfd8 26. b3 Nc3 27. Qf3 Rd5 28. g4 Rf8 29. Kh1 f4 30. e4 Rd4 31. Rfe1 e5 32. g5 Re8 33. Qg2 g6 34. f3 Re6 35. h4 Rc6 36. Qg4 Rdxc4 37. bxc4 Qc8 38. Qxc8+ Rxc8 39. Kg2 Kf7 40. Rc2 Rxc4 41. Rec1 Ke6 42. h5 Kd6 43. h6 Kc6 44. Kf1 Rc5 45. Ra1 Nxe4 46. Rxc5+ Nxc5 47. Ke2 Nb3 48. Rb1 Nd4+ 49. Kd3 Kd5 50. Rc1 Nxf3 51. Rc7 e4+ 52. Ke2 Nxg5 53. Ra7 Kd4 54. Rxa5 f3+ 55. Ke1 Ne6 56. Ra7 Nc5 57. Rxh7 Nd3+ 58. Kd1 e3 59. Re7 f2 60. Ke2 Nf4+ 61. Kf1 Nh5 62. Rf7 1-0

[Event "59th Hoogovens it"]
[Site "Wijk aan Zee NED"]
[Date "1997.01.23"]
[Round "5"]
[White "Sokolov, Ivan"]
[Black "Lautier, Joel"]
[Result "1/2-1/2"]
[WhiteElo "2615"]
[BlackElo "2630"]
[EventDate "1997.01.18"]
[PlyCount "54"]

1. d4 d5 2. c4 dxc4 3. e3 Nf6 4. Bxc4 e6 5. Nf3 c5 6. Qe2 a6 7. dxc5 Bxc5 8. O-O Nc6 9. e4 b5 10. Bb3 Nd4 11. Nxd4 Qxd4 12. Nc3 Qe5 13. Be3 Bxe3 14. Qxe3 Ng4 15. Qg3 Qxg3 16. hxg3 Ke7 17. Rac1 Bd7 18. Ne2 Rac8 19. Rfd1 Rhd8 20. a3 Be8 21. Rxc8 Rxc8 22. f3 Ne5 23. Kf2 b4 24. axb4 Rb8 25. Bc2 Rxb4 26. b3 Rb7 27. Nd4 Nc6 1/2-1/2

[Event "59th Hoogovens it"]
[Site "Wijk aan Zee NED"]
[Date "1997.01.23"]
[Round "5"]
[White "Timman, Jan"]
[Black "Illescas Cordoba, Miguel"]
[Result "1-0"]
[WhiteElo "2630"]
[BlackElo "2635"]
[EventDate "1997.01.18"]
[PlyCount "56"]

1. c4 Nf6 2. d4 c5 3. d5 b5 4. cxb5 a6 5. b6 e6 6. Nc3 exd5 7. Nxd5 Nxd5 8. Qxd5 Nc6 9. Nf3 Rb8 10. e4 Be7 11. Bc4 O-O 12. O-O Na5 13. Bd3 Rxb6 14. Qh5 c4 15. Bc2 Rb5 16. e5 f5 17. Bxf5 Rxf5 18. Qxf5 d6 19. Qh5 dxe5 20. Ng5 Bxg5 21. Bxg5 Qf8 22. Qh4 Bf5 23. Rfd1 Bd3 24. b3 Qf5 25. bxc4 Nxc4 26. Rac1 Nb2 27. Rd2 Rb8 28. h3 Qf7 1-0

[Event "59th Hoogovens it"]
[Site "Wijk aan Zee NED"]
[Date "1997.01.23"]
[Round "5"]
[White "Yermolinsky, Alexander"]
[Black "Salov, Valery"]
[Result "0-1"]
[WhiteElo "2630"]
[BlackElo "2665"]
[EventDate "1997.01.18"]
[PlyCount "94"]

1. Nf3 Nf6 2. c4 c5 3. Nc3 e6 4. g3 b6 5. Bg2 Bb7 6. O-O Be7 7. d4 cxd4 8. Qxd4 O-O 9. Rd1 Nc6 10. Qf4 Qb8 11. e4 d6 12. b3 Ne5 13. Qe3 Ned7 14. Qe2 a6 15. Nd4 Qc7 16. Bd2 Rfe8 17. Rac1 Rac8 18. Be3 Qb8 19. f3 d5 20. cxd5 exd5 21. exd5 Ba3 22. Rc2 Rxc3 23. Rxc3 Nxd5 24. Rcd3 Nc5 25. f4 Nxd3 26. Rxd3 Bc5 27. Bxd5 Bxd5 28. Nf5 Be4 29. Bxc5 Bxd3 30. Qxd3 bxc5 31. Qc3 f6 32. Qc4+ Kh8 33. Qf7 Rg8 34. h4 Qe8 35. Qd5 Qe1+ 36. Kg2 Qe2+ 37. Kh3 h5 38. Nd6 Qg4+ 39. Kg2 Rf8 40. Kf2 Kh7 41. Qxc5 Rd8 42. Qc2+ g6 43. Qc4 Qd7 44. Ne4 Qe7 45. Qc3 Kg7 46. Kf3 Re8 47. Qd3 Qb7 0-1

[Event "59th Hoogovens it"]
[Site "Wijk aan Zee NED"]
[Date "1997.01.25"]
[Round "6"]
[White "Lautier, Joel"]
[Black "Salov, Valery"]
[Result "1/2-1/2"]
[WhiteElo "2630"]
[BlackElo "2665"]
[EventDate "1997.01.18"]
[PlyCount "83"]

1. d4 Nf6 2. c4 e6 3. Nc3 Bb4 4. e3 O-O 5. Bd3 d5 6. Nf3 c5 7. O-O cxd4 8. exd4 dxc4 9. Bxc4 a6 10. Ne5 b5 11. Qf3 Qxd4 12. Qxa8 Qxe5 13. Be2 Bxc3 14. bxc3 Qxe2 15. Qxb8 Qc4 16. Ba3 Re8 17. Bb4 Nd5 18. a3 Qc6 19. Qe5 Bb7 20. f3 f6 21. Qd4 e5 22. Qf2 Qc7 23. Rfd1 a5 24. Qc5 Qxc5+ 25. Bxc5 Rc8 26. Bf2 Rc4 27. Be1 Kf7 28. Rab1 Bc6 29. Rxd5 Bxd5 30. Rxb5 Bc6 31. Rxa5 Ra4 32. Rxa4 Bxa4 33. Bf2 Bb5 34. Bc5 f5 35. Kf2 Ke6 36. Ke3 f4+ 37. Kf2 h5 38. h4 g6 39. g3 Kf5 40. gxf4 exf4 41. Be7 Ke5 42. Bg5 1/2-1/2

[Event "59th Hoogovens it"]
[Site "Wijk aan Zee NED"]
[Date "1997.01.25"]
[Round "6"]
[White "Onischuk, Alexander"]
[Black "Timman, Jan"]
[Result "1/2-1/2"]
[WhiteElo "2580"]
[BlackElo "2630"]
[EventDate "1997.01.18"]
[PlyCount "97"]

1. e4 e5 2. Nf3 Nc6 3. Bb5 a6 4. Ba4 Nf6 5. O-O Nxe4 6. d4 b5 7. Bb3 d5 8. dxe5 Be6 9. Nbd2 Nc5 10. c3 Be7 11. Bc2 Bg4 12. Re1 O-O 13. h3 Bh5 14. Nf1 Re8 15. g4 Bg6 16. Bxg6 hxg6 17. Ne3 Qd7 18. b4 Na4 19. Nxd5 Rad8 20. Nxe7+ Qxe7 21. Qc2 Qd7 22. Kg2 Qd3 23. Qxd3 Rxd3 24. e6 fxe6 25. Bd2 e5 26. Re3 Red8 27. Rxd3 Rxd3 28. Re1 Nb6 29. Re3 Rd6 30. Re2 Nc4 31. Be1 Rd3 32. Re4 Kf7 33. Ng5+ Ke7 34. f4 Kd6 35. fxe5+ N6xe5 36. Rd4+ Rxd4 37. cxd4 Nd3 38. Bc3 Nc1 39. d5 Ne5 40. Nf3 Ncd3 41. Kg3 Nxf3 42. Kxf3 Kxd5 43. Ke3 Ne5 44. Kf4 Nd3+ 45. Kg5 Nf2 46. Kxg6 Nxh3 47. Bxg7 c5 48. bxc5 Kxc5 49. Kf5 1/2-1/2

[Event "59th Hoogovens it"]
[Site "Wijk aan Zee NED"]
[Date "1997.01.25"]
[Round "6"]
[White "Sokolov, Ivan"]
[Black "Kortschnoj, Viktor"]
[Result "1-0"]
[WhiteElo "2615"]
[BlackElo "2635"]
[EventDate "1997.01.18"]
[PlyCount "113"]

1. d4 Nf6 2. c4 e6 3. Nc3 Bb4 4. Qc2 d5 5. a3 Bxc3+ 6. Qxc3 Ne4 7. Qc2 c5 8. dxc5 Nc6 9. e3 Qa5+ 10. Bd2 Nxd2 11. Qxd2 dxc4 12. Bxc4 Qxc5 13. Rc1 Qg5 14. f4 Qh4+ 15. Qf2 Qxf2+ 16. Kxf2 Bd7 17. Nf3 Rc8 18. b4 Ke7 19. Be2 f6 20. g4 h6 21. h4 a6 22. g5 hxg5 23. hxg5 b5 24. Nh4 Ke8 25. Nf5 Rxh1 26. Nd6+ Kf8 27. Rxh1 Rc7 28. Ne4 fxg5 29. Nxg5 e5 30. Rh8+ Ke7 31. Rg8 exf4 32. exf4 Nd4 33. Rxg7+ Kf8 34. Rf7+ Ke8 35. Bh5 Kd8 36. Ne4 Rc4 37. Nc5 Bc8 38. Bg6 a5 39. f5 axb4 40. axb4 Rxb4 41. f6 Ne6 42. Nd3 Rc4 43. Re7 Nf4 44. Ne5 Be6 45. Re8+ Kc7 46. Nxc4 Bxc4 47. Bf5 Kd6 48. Bg4 Ng6 49. Bh5 Bf7 50. Re4 b4 51. Ke1 Kd7 52. Kd2 Kd6 53. Kc1 Kd5 54. Re1 Kd6 55. Bxg6 Bxg6 56. Re7 Bf5 57. Ra7 1-0

[Event "59th Hoogovens it"]
[Site "Wijk aan Zee NED"]
[Date "1997.01.26"]
[Round "7"]
[White "Yermolinsky, Alexander"]
[Black "Illescas Cordoba, Miguel"]
[Result "1-0"]
[WhiteElo "2630"]
[BlackElo "2635"]
[EventDate "1997.01.18"]
[PlyCount "75"]

1. d4 d5 2. c4 c6 3. Nf3 Nf6 4. Nc3 dxc4 5. a4 Bf5 6. e3 e6 7. Bxc4 Bb4 8. O-O Nbd7 9. Qe2 O-O 10. e4 Bg6 11. Bd3 h6 12. Rd1 Rc8 13. Bf4 Re8 14. h3 a6 15. Bc2 c5 16. dxc5 Bxc3 17. bxc3 Qa5 18. Ne5 Nxe5 19. Bxe5 Rxc5 20. Bxf6 gxf6 21. c4 Rec8 22. Bd3 f5 23. exf5 Bxf5 24. Bxf5 Rxf5 25. Rd4 Qe5 26. Qd3 Kh8 27. Rd1 Rg8 28. Re4 Qf6 29. Qe2 Rfg5 30. g3 Qg6 31. Rd3 Kh7 32. Rf3 Rf5 33. Rg4 Rg5 34. Qb2 Rxg4 35. hxg4 Rb8 36. c5 Qg7 37. Qb1+ Qg6 38. Rxf7+ 1-0

[Event "59th Hoogovens it"]
[Site "Wijk aan Zee NED"]
[Date "1997.01.27"]
[Round "8"]
[White "Illescas Cordoba, Miguel"]
[Black "Salov, Valery"]
[Result "1/2-1/2"]
[WhiteElo "2635"]
[BlackElo "2665"]
[EventDate "1997.01.18"]
[PlyCount "55"]

1. Nf3 d5 2. c4 dxc4 3. e3 e6 4. Bxc4 c5 5. O-O Nf6 6. b3 Nc6 7. Bb2 Be7 8. a3 O-O 9. Qc2 h6 10. Be2 b6 11. d3 Bb7 12. Nbd2 Nd5 13. Rfd1 Rc8 14. Rac1 Bf6 15. Ne4 Bxb2 16. Qxb2 Qe7 17. Ne5 Rfd8 18. Nxc6 Bxc6 19. Bf3 Bb5 20. h3 a5 21. d4 cxd4 22. Rxd4 Rxc1+ 23. Qxc1 Ba6 24. Qb2 Rc8 25. Nd2 Nf6 26. Ne4 Nd5 27. Nd2 Nf6 28. Ne4 1/2-1/2

[Event "59th Hoogovens it"]
[Site "Wijk aan Zee NED"]
[Date "1997.01.27"]
[Round "8"]
[White "Lautier, Joel"]
[Black "Nikolic, Predrag"]
[Result "1-0"]
[WhiteElo "2630"]
[BlackElo "2655"]
[EventDate "1997.01.18"]
[PlyCount "61"]

1. d4 Nf6 2. c4 e6 3. Nc3 Bb4 4. e3 b6 5. Nge2 Ba6 6. Ng3 Bxc3+ 7. bxc3 d5 8. Ba3 Bxc4 9. Bxc4 dxc4 10. O-O Qd7 11. Rb1 h5 12. h4 Qc6 13. e4 Nbd7 14. d5 Qb7 15. dxe6 fxe6 16. Qa4 O-O-O 17. Qxc4 Kb8 18. Rfd1 Ne5 19. Qb5 Nc6 20. f3 a6 21. Qg5 Rdg8 22. Nf1 Nd8 23. Ne3 Qc6 24. c4 Nf7 25. Qg6 Qe8 26. Qg3 Kc8 27. c5 b5 28. c6 Rh6 29. Rbc1 Nd8 30. Rc5 e5 31. Nf5 1-0

[Event "59th Hoogovens it"]
[Site "Wijk aan Zee NED"]
[Date "1997.01.27"]
[Round "8"]
[White "Onischuk, Alexander"]
[Black "Yermolinsky, Alexander"]
[Result "1-0"]
[WhiteElo "2580"]
[BlackElo "2630"]
[EventDate "1997.01.18"]
[PlyCount "47"]

1. e4 c5 2. Nf3 d6 3. d4 cxd4 4. Nxd4 Nf6 5. Nc3 Nc6 6. Bc4 Qb6 7. Ndb5 a6 8. Be3 Qa5 9. Nd4 Nxd4 10. Bxd4 e5 11. Be3 Be6 12. Qd3 Rc8 13. Bxe6 fxe6 14. Bg5 Kf7 15. O-O-O Be7 16. Qf3 Rxc3 17. bxc3 Qxa2 18. Bxf6 Bxf6 19. g4 Rc8 20. g5 Rxc3 21. Qxc3 Bxg5+ 22. Rd2 d5 23. f4 Be7 24. Rf1 1-0

[Event "59th Hoogovens it"]
[Site "Wijk aan Zee NED"]
[Date "1997.01.27"]
[Round "8"]
[White "Short, Nigel David"]
[Black "Timman, Jan"]
[Result "1/2-1/2"]
[WhiteElo "2690"]
[BlackElo "2630"]
[EventDate "1997.01.18"]
[PlyCount "53"]

1. e4 e5 2. Nf3 Nf6 3. d4 Nxe4 4. Bd3 Nc6 5. d5 Nc5 6. dxc6 e4 7. cxb7 Bxb7 8. Be2 exf3 9. Bxf3 Bxf3 10. Qxf3 Bd6 11. Be3 O-O 12. Nd2 Ne6 13. Rd1 c6 14. O-O Bc7 15. Nb3 Be5 16. c3 d5 17. g3 a5 18. c4 Bxb2 19. cxd5 cxd5 20. Rxd5 Qc7 21. Rb1 Ba3 22. Nd4 Bb4 23. Rc1 Nxd4 24. Rxd4 Qe5 25. Rcd1 Qe6 26. a4 Rac8 27. Qd5 1/2-1/2